[Event "VIE-chT (Women)"]
[Site "Hanoi"]
[Date "2023.04.20"]
[Round "5"]
[White "Thieu, Gia Linh"]
[Black "Sa, Phuong Bang"]
[Result "1-0"]
[WhiteElo "1124"]
[BlackElo "1685"]
[PlyCount "103"]
[EventDate "2023.04.18"]
[EventType "swiss"]
[EventRounds "9"]
[EventCountry "VIE"]
[SourceTitle "EXT 2024"]
[Source "ChessBase"]
[SourceDate "2023.10.10"]
[SourceVersion "1"]
[SourceVersionDate "2023.10.10"]
[SourceQuality "1"]

1. d4 d5 2. Nf3 Nf6 3. Bf4 c5 4. c3 Nc6 5. e3 cxd4 6. exd4 Bf5 7. Nbd2 e6 8. Qb3 Qc8 9. Nh4 Bg6 10. Nxg6 hxg6 11. h3 Be7 12. Bd3 0-0 13. 0-0 a6 14. Qc2 Qd7 15. a3 Rfc8 16. Rac1 Nxd4 17. Qd1 Nc6 18. Nf3 Bd6 19. Bxd6 Qxd6 20. Re1 Na5 21. Ne5 b5 22. Re2 Nc6 23. Nxc6 Rxc6 24. Rec2 Qc7 25. Qf3 Nd7 26. Qe3 Ne5 27. Be2 Rd8 28. Qd2 Nc4 29. Qe1 Qf4 30. Bxc4 dxc4 31. Rd1 Rxd1 32. Qxd1 Rd6 33. Qe2 Rd3 34. g3 Qd6 35. Qe4 Rd2 36. Qa8+ Kh7 37. Rxd2 Qxd2 38. Qe4 Qd3 39. Qh4+ Kg8 40. Qe7 f6 41. Qxe6+ Kf8 42. Qc8+ Ke7 43. Qb7+ Kf8 44. Qa8+ Kf7 45. Qb7+ Kf8 46. Kg2 Qc2 47. Qc8+ Kf7 48. Qxa6 Qxb2 49. Qa5 Qc2 50. Qb4 Qe4+ 51. Kg1 Qd5 52. h4 1-0

[Event "VIE-chT (Women)"]
[Site "Hanoi"]
[Date "2023.04.18"]
[Round "2"]
[White "Cao, Thi Thanh Han"]
[Black "Thieu, Gia Linh"]
[Result "0-1"]
[WhiteElo "1965"]
[BlackElo "1124"]
[PlyCount "118"]
[EventDate "2023.04.18"]
[EventType "swiss"]
[EventRounds "9"]
[EventCountry "VIE"]
[SourceTitle "EXT 2024"]
[Source "ChessBase"]
[SourceDate "2023.10.10"]
[SourceVersion "1"]
[SourceVersionDate "2023.10.10"]
[SourceQuality "1"]

1. d4 d5 2. c4 c6 3. Nc3 Nf6 4. Bg5 e6 5. Nf3 Be7 6. e3 Nbd7 7. Bd3 dxc4 8. Bxc4 b5 9. Bd3 a6 10. Rc1 Bb7 11. 0-0 c5 12. Re1 c4 13. Bc2 0-0 14. b3 Bb4 15. Qd2 Bxf3 16. gxf3 Rc8 17. Kh1 Qb6 18. Rg1 Kh8 19. e4 e5 20. dxe5 Nxe5 21. Bxf6 Qxf6 22. Qe3 Qxf3+ 23. Qxf3 Nxf3 24. Rg3 Bxc3 25. Rxf3 Bf6 26. Re1 Be5 27. Rf5 f6 28. f4 g6 29. Rxe5 fxe5 30. fxe5 Rfe8 31. bxc4 bxc4 32. Ba4 Rxe5 33. Bd7 Rc7 34. Ba4 Rb7 35. Bc6 Rbe7 36. Kg2 Ra5 37. Rf1 Rxa2+ 38. Rf2 Ra5 39. Rf8+ Kg7 40. Rf4 c3 41. Rf2 Rc5 42. Bd5 c2 43. Rxc2 Rxc2+ 44. Kf3 Rxh2 45. Kg3 Re2 46. Kf3 R2xe4 47. Bxe4 Rxe4 48. Kxe4 Kf6 49. Kf4 a5 50. Ke3 Ke5 51. Kd3 g5 52. Kc3 g4 53. Kb3 g3 54. Ka2 g2 55. Kb3 g1Q 56. Ka4 Qb1 57. Ka3 Kd4 58. Ka4 Kc4 59. Kxa5 Qb5# 0-1

[Event "VIE-ch (Women)"]
[Site "Vung Tau"]
[Date "2023.03.03"]
[Round "2"]
[White "Nguyen, Ha Khanh Linh"]
[Black "Thieu, Gia Linh"]
[Result "1-0"]
[WhiteElo "1708"]
[BlackElo "1114"]
[PlyCount "63"]
[EventDate "2023.03.03"]
[EventType "swiss"]
[EventRounds "9"]
[EventCountry "VIE"]
[SourceTitle "EXT 2024"]
[Source "ChessBase"]
[SourceDate "2023.10.10"]
[SourceVersion "1"]
[SourceVersionDate "2023.10.10"]
[SourceQuality "1"]

1. d4 d5 2. c4 c6 3. Nc3 Nf6 4. e3 dxc4 5. Bxc4 b5 6. Bb3 Bb7 7. Nf3 e6 8. 0-0 Bd6 9. Qe2 0-0 10. Rd1 Qe7 11. e4 e5 12. dxe5 Bxe5 13. Nxe5 Qxe5 14. f4 Qe7 15. e5 Nfd7 16. e6 fxe6 17. Qxe6+ Qxe6 18. Bxe6+ Kh8 19. Bxd7 b4 20. Na4 Na6 21. Be3 Rf7 22. Be6 Re7 23. f5 g6 24. Bd4+ Rg7 25. f6 Rgg8 26. Bxg8 Kxg8 27. Rf1 Kf7 28. Rae1 Re8 29. Rxe8 Kxe8 30. f7+ Kf8 31. Bg7+ Ke7 32. f8Q+ 1-0

[Event "VIE-ch U11 Girls"]
[Site "Ho Chi Minh City"]
[Date "2022.07.15"]
[Round "7"]
[White "Le, Tran Bao Quyen"]
[Black "Thieu, Gia Linh"]
[Result "0-1"]
[WhiteElo "2160"]
[BlackElo "2158"]
[PlyCount "54"]
[EventDate "2022.07.11"]
[EventType "swiss"]
[EventRounds "9"]
[EventCountry "VIE"]
[SourceTitle "EXT 2023"]
[Source "ChessBase"]
[SourceDate "2022.10.05"]
[SourceVersion "1"]
[SourceVersionDate "2022.10.05"]
[SourceQuality "1"]

1. e4 e5 2. Nf3 Nc6 3. d4 exd4 4. Nxd4 g6 5. Nxc6 dxc6 6. Qxd8+ Kxd8 7. Bc4 Be6 8. Bxe6 fxe6 9. Bg5+ Be7 10. Bxe7+ Kxe7 11. Nc3 Nf6 12. 0-0 Rad8 13. Rad1 Rd7 14. Rxd7+ Kxd7 15. Rd1+ Ke7 16. f3 Rd8 17. Rxd8 Kxd8 18. Kf2 Ke7 19. Ke3 e5 20. b4 Kd6 21. f4 Ng4+ 22. Kf3 Nxh2+ 23. Kg3 Nf1+ 24. Kf2 Nd2 25. fxe5+ Kxe5 26. Ke3 Nc4+ 27. Kf3 Na3 0-1

[Event "VIE-ch U11 Girls"]
[Site "Ho Chi Minh City"]
[Date "2022.07.13"]
[Round "4"]
[White "Tran, Nguyen Ha Anh"]
[Black "Thieu, Gia Linh"]
[Result "1/2-1/2"]
[WhiteElo "2164"]
[BlackElo "2158"]
[PlyCount "97"]
[EventDate "2022.07.11"]
[EventType "swiss"]
[EventRounds "9"]
[EventCountry "VIE"]
[SourceTitle "EXT 2023"]
[Source "ChessBase"]
[SourceDate "2022.10.05"]
[SourceVersion "1"]
[SourceVersionDate "2022.10.05"]
[SourceQuality "1"]

1. e4 c5 2. Nf3 Nc6 3. Nc3 g6 4. Be2 Bg7 5. d3 d6 6. 0-0 Nf6 7. h3 0-0 8. Be3 e6 9. Qd2 b6 10. Rad1 Qe7 11. Rfe1 Rd8 12. d4 Bb7 13. d5 exd5 14. exd5 Nb4 15. Bc4 Ne4 16. Nxe4 Qxe4 17. Bb3 Qf5 18. c3 Na6 19. Bc2 Qd7 20. Re2 Re8 21. Rde1 Nc7 22. c4 Ba6 23. b3 b5 24. cxb5 Nxb5 25. Bf4 Nc7 26. Rxe8+ Rxe8 27. Rxe8+ Nxe8 28. Bd3 Bxd3 29. Qxd3 Nc7 30. Ng5 f5 31. Ne6 Nxe6 32. dxe6 Qxe6 33. Qxd6 Qxd6 34. Bxd6 Bf8 35. Bb8 a6 36. Kf1 Kf7 37. Ke2 Ke6 38. Kd3 Kd5 39. Bf4 Bd6 40. Bxd6 Kxd6 41. Kc4 Kc6 42. f4 h6 43. h4 Kd6 44. g3 Kc6 45. a3 a5 46. a4 h5 47. Kc3 Kd6 48. Kc4 Kc6 49. Kc3 1/2-1/2

[Event "VIE-ch U11 Girls"]
[Site "Hanoi"]
[Date "2022.06.13"]
[Round "3"]
[White "Do, Ha Trang"]
[Black "Thieu, Gia Linh"]
[Result "1-0"]
[WhiteElo "2161"]
[BlackElo "2172"]
[PlyCount "107"]
[EventDate "2022.06.11"]
[EventType "swiss"]
[EventRounds "7"]
[EventCountry "VIE"]
[SourceTitle "EXT 2023"]
[Source "ChessBase"]
[SourceDate "2022.10.05"]
[SourceVersion "1"]
[SourceVersionDate "2022.10.05"]
[SourceQuality "1"]

1. e4 e5 2. Nf3 Nc6 3. Bc4 Bc5 4. c3 h6 5. d3 Nf6 6. b4 Bb6 7. 0-0 0-0 8. a4 a6 9. a5 Ba7 10. Ba3 d6 11. Nbd2 Qe7 12. h3 Be6 13. Re1 Rfe8 14. Qc2 Rad8 15. Rad1 Nh7 16. Qa4 Qd7 17. b5 Ne7 18. Bxe6 fxe6 19. Rb1 b6 20. axb6 Bxb6 21. Nc4 a5 22. Ncxe5 dxe5 23. Nxe5 Qc8 24. Bxe7 Rxe7 25. Nc6 Rf7 26. Kh1 Rdf8 27. f3 Rd7 28. d4 Ng5 29. Qa3 Qe8 30. f4 Rxf4 31. Ne5 Rd8 32. Nc6 Ra8 33. e5 Nf7 34. c4 Bxd4 35. Ne7+ Kh7 36. Qd3+ g6 37. Nxg6 Rf2 38. Nh4+ Kg7 39. Qxd4 Rc2 40. Qd3 Rf2 41. Qg3+ Ng5 42. Qxf2 Qe7 43. c5 Rb8 44. b6 cxb6 45. cxb6 a4 46. Rec1 Rb7 47. Qf6+ Qxf6 48. exf6+ Kxf6 49. Rc7 Rxc7 50. bxc7 Ke7 51. c8Q Kf6 52. Rb5 Kf7 53. Qc7+ Kf6 54. Qf4+ 1-0

[Event "VIE-ch U11 Girls"]
[Site "Hanoi"]
[Date "2022.06.12"]
[Round "2"]
[White "Thieu, Gia Linh"]
[Black "Tran, Nguyen Ha Anh"]
[Result "0-1"]
[WhiteElo "2172"]
[BlackElo "2175"]
[PlyCount "74"]
[EventDate "2022.06.11"]
[EventType "swiss"]
[EventRounds "7"]
[EventCountry "VIE"]
[SourceTitle "EXT 2023"]
[Source "ChessBase"]
[SourceDate "2022.10.05"]
[SourceVersion "1"]
[SourceVersionDate "2022.10.05"]
[SourceQuality "1"]

1. e4 e5 2. Nf3 Nc6 3. Nc3 Be7 4. Bc4 Nf6 5. d3 0-0 6. 0-0 d6 7. h3 Na5 8. Bb3 Nxb3 9. axb3 Be6 10. Be3 a6 11. Qd2 c6 12. d4 exd4 13. Nxd4 Qc7 14. Nxe6 fxe6 15. Rad1 Rad8 16. Bf4 e5 17. Bg3 Nh5 18. Qe3 Nf4 19. Ne2 Bg5 20. Bxf4 Bxf4 21. Nxf4 exf4 22. Qc3 Qe7 23. Rfe1 Qg5 24. Qf3 h5 25. g4 fxg3 26. Qxg3 Qh6 27. e5 h4 28. Qc3 Qg5+ 29. Kf1 Qf5 30. Qe3 dxe5 31. Rxd8 Rxd8 32. Qxe5 Qxh3+ 33. Kg1 Qg4+ 34. Kh2 Rd2 35. Qe8+ Kh7 36. Qf8 Qg3+ 37. Kh1 Rxf2 0-1